Представление документа в формате RUSMARC

ПолеНазваниеЗначение
  Тип записи a
  Библиографический уровень a
001 Контрольный номер RU/CBS_UL/BASE/c09a62053f0a43eea745c7a4b82fa921
005 Дата корректировки 20260415163755.7
100 Данные общей обработки __
a Данные общей обработки 20260415 ||| 0rusy0189 ca
101 Язык документа 0_
a Язык текста rus
102 Страна публикации __
a Страна публикации RU
200 Заглавие и сведения об ответственности 1_
a Заглавие Великий, замечательный, сентиментальный. Художник об артисте
e Сведения, относящиеся к заглавию [глава из кнги Н. Сафронова "Мои картины и женщины", посвящённая В.И. Гафту]
f Первые сведения об ответственности Н. Сафронов
300 Общие примечания __
a Общие примечания 12+
461 Уровень набора _0
1 2000
a Литературная газета
463 Уровень физической единицы _0
1 2000
a № 14 (8-14 апр.)
v С. 8
1 2101
d 2026
1 001RU/CBS_UL/BASE/3026d778ee0c49a899119a9b8b1a65a1
600 Персоналии _1
a Персоналии (Фамилия) Гафт
b Персоналии (Имя, инициалы) В.И.
600 Персоналии _1
a Персоналии (Фамилия) Сафронов
b Персоналии (Имя, инициалы) Н. С.
606 Тематические рубрики 0_
a Основная рубрика Гафт, Валентин Иосифович (1935)
606 Тематические рубрики 0_
a Основная рубрика Сафронов, Никас Степанович (1956)
610 Ключевые слова 0_
a Ключевые слова российские художники; российские живописцы; живописцы; художники; российские киноактёры; киноактёры; артисты театра; поэты; театральные режиссёры; писатели
686 Индексы других классификаций __
a Классификационный индекс 85.143(2)
686 Индексы других классификаций __
a Классификационный индекс 85.374(2)
700 Автор _1
a Фамилия Сафронов
b Имя (инициалы) Н.
801 Источник записи _0
a Страна RU
b Организация МБУК ЦБС г. Ульяновска
c Дата составления 20260415
g Правила каталогизации RCR
801 Источник записи _1
a Страна RU
b Организация МБУК ЦБС г. Ульяновска
c Дата составления 20260415
g Правила каталогизации RCR
901 Тип документа __
t Тип документа f
w Контрольный № источника RU/CBS_UL/BASE/3026d778ee0c49a899119a9b8b1a65a1
909 Создатель записи __
a Создатель записи mbo